| 000 | 00557nam a2200193Ia 4500 | ||
|---|---|---|---|
| 005 | 20250822104236.0 | ||
| 008 | 008 250516s9999 xx 000 0 hin d | ||
| 020 | _a9789395472180 | ||
| 040 |
_beng _cSDCL |
||
| 041 |
_ahin _2hin |
||
| 084 | _aO15,3D60 R4 | ||
| 100 |
_aAggarwal _9791547 |
||
| 245 | 0 | _aHarshcharit ek Sanskritik Adhyayan | |
| 246 | _aहर्षचरित एक सांस्कृतिक अध्यन | ||
| 260 |
_aNew Delhi: _bKitabwale, _c2024. |
||
| 300 | _axi,344p. | ||
| 650 | _aSanskrit | ||
| 942 |
_cTEXL _2CC |
||
| 999 |
_c1430166 _d1430166 |
||